000 00553nam a2200145 a 4500
008 120416s1968 ||||||||||||||||| || u
050 _aHG 2995 Cha
100 _aChapman, Richard A
245 1 0 _aDecision making
246 _aa case study of the decision to raise the bank rate in September 1957
260 _aLondon
_bRoutledge and Kegan Paul
_c1968
300 _aviii, 118p
350 _a0.00
995 _D0.00
_FCBU-MAIN LIBRARY (Kitwe)
_H1
_I0.00
_M1
_UAVAILABLE
_ZAnnex Low-Usage Collection
999 _c39516
_d39516